| 000 | 00392nam a2200169Ia 4500 | ||
|---|---|---|---|
| 005 | 20250603145052.0 | ||
| 008 | 250603s9999 xx 000 0 und d | ||
| 020 | _a0-15-311209-3 | ||
| 050 | _aQ 181 .M/ | ||
| 100 | _aFrank, Marjorie Slavick | ||
| 245 | 0 | _aHarcourt science | |
| 260 | _aOrlando | ||
| 260 | _bHarcourt School Pub. | ||
| 260 | _cc2000 | ||
| 650 | _aOrlando | ||
| 942 | _cBK | ||
| 999 |
_c40775 _d40775 |
||